Signal processing with alpha-stable distributions and applications (Record no. 8239)

000 -LEADER
fixed length control field 00988 a2200229 4500
020 ## - INTERNATIONAL STANDARD BOOK NUMBER
International Standard Book Number 047110647X
040 ## - CATALOGING SOURCE
Original cataloging agency DLC
082 00 - DEWEY DECIMAL CLASSIFICATION NUMBER
Classification number 621.3822
100 1# - MAIN ENTRY--PERSONAL NAME
Personal name Nikias, Chrysostomos L.
245 00 - TITLE STATEMENT
Title Signal processing with alpha-stable distributions and applications
Statement of responsibility, etc. Chrysostomos L. Nikias, Min Shao.
260 ## - PUBLICATION, DISTRIBUTION, ETC.
Place of publication, distribution, etc. New York :
Name of publisher, distributor, etc. Wiley,
Date of publication, distribution, etc. c1995.
300 ## - PHYSICAL DESCRIPTION
Extent xiii, 168 p. :
Other physical details ill. ;
Dimensions 25 cm.
440 #0 - SERIES STATEMENT/ADDED ENTRY--TITLE
Title Adaptive and learning systems for signal processing, communications, and control
500 ## - GENERAL NOTE
General note "A Wiley-Interscience publication."
650 #0 - SUBJECT ADDED ENTRY--TOPICAL TERM
Topical term or geographic name entry element Signal processing
General subdivision Mathematics.
650 #0 - SUBJECT ADDED ENTRY--TOPICAL TERM
Topical term or geographic name entry element Distribution (Probability theory)
700 1# - ADDED ENTRY--PERSONAL NAME
Personal name Shao, Min.
856 4# - ELECTRONIC LOCATION AND ACCESS
Materials specified Table of Contents
Uniform Resource Identifier <a href="http://www.loc.gov/catdir/toc/onix04/95001482.html">http://www.loc.gov/catdir/toc/onix04/95001482.html</a>
856 4# - ELECTRONIC LOCATION AND ACCESS
Materials specified Contributor biographical information
Uniform Resource Identifier <a href="http://www.loc.gov/catdir/enhancements/fy0707/95001482-b.html">http://www.loc.gov/catdir/enhancements/fy0707/95001482-b.html</a>
856 4# - ELECTRONIC LOCATION AND ACCESS
Materials specified Publisher description
Uniform Resource Identifier <a href="http://www.loc.gov/catdir/enhancements/fy0707/95001482-d.html">http://www.loc.gov/catdir/enhancements/fy0707/95001482-d.html</a>
942 ## - ADDED ENTRY ELEMENTS (KOHA)
Koha item type Book
Call number prefix 621.3822 NIK
Source of classification or shelving scheme
Holdings
Withdrawn status Lost status Damaged status Not for loan Collection code Permanent Location Current Location Shelving location Date acquired Source of acquisition Total Checkouts Full call number Barcode Date last seen Price effective from Koha item type
          Central Library (CL) Central Library (CL) General Stacks 11/07/2001 Donation   621.3822 NIK SEECS001453 11/14/2012 01/05/2017 Book
© 2023 Central Library, National University of Sciences and Technology. All Rights Reserved.